[Event "Ostrava Konik op"]
[Site "Ostrava"]
[Date "2014.04.28"]
[Round "3"]
[White "Omamik, Pavel"]
[Black "Hajek, Oskar"]
[Result "1/2-1/2"]
[WhiteElo "2044"]
[BlackElo "1947"]
[PlyCount "81"]
[EventDate "2014.04.26"]
[EventType "swiss"]
[EventRounds "9"]
[EventCountry "CZE"]
[SourceTitle "CBM 160 Extra"]
[Source "ChessBase"]
[SourceDate "2014.07.01"]
[SourceVersion "1"]
[SourceVersionDate "2014.07.01"]
[SourceQuality "1"]

1. Nf3 Nf6 2. d4 c5 3. Nc3 cxd4 4. Nxd4 d5 5. Bf4 Nc6 6. e3 Qb6 7. Qd2 e5 8. Nxc6 exf4 9. Nd4 Bd7 10. Bd3 Bc5 11. 0-0 0-0 12. Nce2 fxe3 13. fxe3 Rfe8 14. c3 Ng4 15. h3 Nxe3 16. Rf3 Qh6 17. Qc1 Bd6 18. Kf2 Qh4+ 19. g3 Qxh3 20. Rxe3 Qh2+ 21. Kf3 h5 22. Bf5 Bxf5 23. Nxf5 Bc5 24. Ned4 Qh3 25. Qe1 Qg4+ 26. Kg2 Re4 27. Rxe4 dxe4 28. Qe2 Qg5 29. Qe3 Qg4 30. Rf1 Re8 31. b4 Bf8 32. Rf4 Qd1 33. Rxe4 Rxe4 34. Qxe4 Qa1 35. Ne2 Qxa2 36. Kf3 a5 37. Qxb7 axb4 38. cxb4 Qb3+ 39. Kg2 Qxb4 40. Qxb4 Bxb4 41. Kf3 1/2-1/2

[Event "Ostrava Konik op"]
[Site "Ostrava"]
[Date "2014.04.27"]
[Round "2"]
[White "Mrazek, Roman"]
[Black "Omamik, Pavel"]
[Result "0-1"]
[WhiteElo "1842"]
[BlackElo "2044"]
[PlyCount "72"]
[EventDate "2014.04.26"]
[EventType "swiss"]
[EventRounds "9"]
[EventCountry "CZE"]
[SourceTitle "CBM 160 Extra"]
[Source "ChessBase"]
[SourceDate "2014.07.01"]
[SourceVersion "1"]
[SourceVersionDate "2014.07.01"]
[SourceQuality "1"]

1. d4 d6 2. g3 Nf6 3. Bg2 c6 4. e4 Bg4 5. f3 Bh5 6. Ne2 e6 7. h4 Be7 8. Bg5 h6 9. Bxf6 gxf6 10. Nf4 Rg8 11. Nxh5 Qa5+ 12. Qd2 Qxh5 13. g4 Qg6 14. h5 Qg7 15. Nc3 Nd7 16. 0-0-0 a6 17. Kb1 Rc8 18. Rhe1 b5 19. Bh3 Nb6 20. b3 d5 21. Ne2 Qf8 22. Qa5 Bd8 23. Qxa6 Qe7 24. exd5 Ra8 25. Qxa8 Nxa8 26. dxe6 Ba5 27. c3 Qd6 28. d5 c5 29. f4 Nc7 30. Ng3 Qxf4 31. Nf5 Bxc3 32. exf7+ Kxf7 33. Re7+ Kf8 34. Re2 Qf3 35. Bf1 Rxg4 36. d6 Qxf5+ 0-1

[Event "Ostrava Konik op-A"]
[Site "Ostrava"]
[Date "2012.04.30"]
[Round "3"]
[White "Plasil, Petr"]
[Black "Omamik, Pavel"]
[Result "0-1"]
[WhiteElo "1948"]
[BlackElo "2086"]
[PlyCount "74"]
[EventDate "2012.04.28"]
[EventType "swiss"]
[EventRounds "9"]
[EventCountry "CZE"]
[SourceTitle "CBM 148 Extra"]
[Source "ChessBase"]
[SourceDate "2012.06.22"]
[SourceVersion "1"]
[SourceVersionDate "2012.06.22"]
[SourceQuality "1"]

1. Nf3 d6 2. d4 Bg4 3. c4 Nf6 4. Nc3 g6 5. Qb3 Qc8 6. Nd2 Bg7 7. h3 Bd7 8. Nf3 0-0 9. e4 a5 10. a3 Nc6 11. d5 Nd8 12. Be3 b6 13. Qc2 e5 14. Qc1 a4 15. Bh6 Nb7 16. Bd3 Nc5 17. Bc2 Qa6 18. Bxg7 Kxg7 19. Nd2 Nh5 20. g3 Qc8 21. b4 axb3 22. Nxb3 Nxb3 23. Bxb3 Bxh3 24. Nb5 Bg2 25. Rh4 f5 26. Bd1 f4 27. Bg4 Qd8 28. Bxh5 gxh5 29. Rxh5 Bxe4 30. Qc3 Bg6 31. Rh4 Kg8 32. Kd2 Qg5 33. Ke1 Rf7 34. Ra2 Raf8 35. Rh2 fxg3 36. fxg3 Rf1+ 37. Ke2 Bh5+ 0-1

[Event "Ostrava Konik op-A"]
[Site "Ostrava"]
[Date "2012.04.28"]
[Round "1"]
[White "Dolezal, Radoslav"]
[Black "Omamik, Pavel"]
[Result "1-0"]
[WhiteElo "2384"]
[BlackElo "2086"]
[PlyCount "47"]
[EventDate "2012.04.28"]
[EventType "swiss"]
[EventRounds "9"]
[EventCountry "CZE"]
[SourceTitle "CBM 148 Extra"]
[Source "ChessBase"]
[SourceDate "2012.06.22"]
[SourceVersion "1"]
[SourceVersionDate "2012.06.22"]
[SourceQuality "1"]

1. d4 d6 2. e4 Nf6 3. f3 g6 4. Be3 Bg7 5. Qd2 0-0 6. Nc3 e5 7. Nge2 Nc6 8. 0-0-0 a6 9. d5 Ne7 10. g4 b5 11. Ng3 b4 12. Nce2 Qd7 13. Qxb4 Bb7 14. g5 Nh5 15. Nxh5 gxh5 16. h4 Rfb8 17. Qa3 Ng6 18. Ng3 c6 19. dxc6 Bxc6 20. Nxh5 f5 21. Rxd6 Qc7 22. Bc4+ Kh8 23. Nxg7 Kxg7 24. Qc5 1-0

[Event "Ostrava CEZ op"]
[Site "Ostrava"]
[Date "2006.05.01"]
[Round "3"]
[White "Ockay, Tomas"]
[Black "Omamik, Pavel"]
[Result "1/2-1/2"]
[WhiteElo "2121"]
[BlackElo "2033"]
[PlyCount "80"]
[EventDate "2006.04.29"]
[EventType "swiss"]
[EventRounds "9"]
[EventCountry "CZE"]
[SourceTitle "EXT 2008"]
[Source "ChessBase"]
[SourceDate "2007.11.25"]
[SourceVersion "1"]
[SourceVersionDate "2007.11.25"]
[SourceQuality "1"]

1. Nf3 Nf6 2. b3 d6 3. d4 Bg4 4. Nbd2 c6 5. Bb2 e6 6. e3 Be7 7. Be2 Nbd7 8. c4 0-0 9. 0-0 d5 10. Rc1 Ne4 11. Nxe4 dxe4 12. Nd2 Bf5 13. Qc2 Bd6 14. Rfd1 Nf6 15. Nf1 Ng4 16. h3 Nf6 17. Qc3 Rc8 18. a3 Ne8 19. Kh1 Qh4 20. Qe1 Nf6 21. f4 Qxe1 22. Rxe1 h5 23. Red1 h4 24. b4 Be7 25. Nd2 Bg6 26. Nb3 Bh5 27. Bxh5 Nxh5 28. Kg1 Ng3 29. Kf2 g5 30. fxg5 Bxg5 31. d5 exd5 32. cxd5 f5 33. Be5 cxd5 34. Rxd5 Rxc1 35. Nxc1 Rc8 36. Rc5 Rxc5 37. bxc5 Nh1+ 38. Ke2 Kf7 39. Nb3 Ng3+ 40. Kf2 Nh1+ 1/2-1/2